[Event "Budapest-chT1 Lilienthal 1011"]
[Site "Budapest"]
[Date "2011.02.06"]
[Round "8"]
[White "Bodrogi, Laszlo"]
[Black "Ivanyi, Antal"]
[Result "1-0"]
[WhiteElo "1962"]
[BlackElo "2015"]
[PlyCount "154"]
[EventDate "2010.09.19"]
[EventType "team-tourn"]
[EventRounds "11"]
[EventCountry "HUN"]
[SourceTitle "EXT 2020"]
[Source "ChessBase"]
[SourceDate "2019.10.17"]
[SourceVersion "1"]
[SourceVersionDate "2019.10.17"]
[SourceQuality "1"]
[WhiteTeam "Fabulon"]
[BlackTeam "Hid Unio"]
[WhiteTeamCountry "HUN"]
[BlackTeamCountry "HUN"]

1. d4 d5 2. c4 e6 3. Nc3 Nf6 4. Bg5 Be7 5. e3 0-0 6. Nf3 Nbd7 7. Rc1 Re8 8. cxd5 exd5 9. Bd3 c6 10. 0-0 Nf8 11. Ne5 Ng6 12. Bxf6 Bxf6 13. f4 Nxe5 14. fxe5 Bg5 15. Qf3 Be6 16. Rcd1 Rf8 17. e4 f6 18. exd5 Bxd5 19. Nxd5 Qxd5 20. Be4 Qd7 21. Bf5 Qe7 22. e6 g6 23. Bc2 Rad8 24. Bb3 f5 25. Rf2 Bf6 26. Rfd2 Kg7 27. Qc3 Rd6 28. a4 Rfd8 29. a5 b6 30. axb6 axb6 31. Qc4 Kf8 32. Kf1 Kg7 33. Qa4 Rc8 34. Qa6 Qc7 35. Ke2 Kh6 36. Qc4 Kg7 37. Rc2 Qe7 38. Qa4 Kf8 39. d5 c5 40. g3 Qb7 41. Qf4 Qe7 42. Ra1 b5 43. Ra5 Rb6 44. Qe3 Bd4 45. Qd3 Rcb8 46. Ba2 Qd6 47. Kd1 Qe5 48. Re2 Qg7 49. Qa3 Qe7 50. Ra7 R6b7 51. Ra6 Rb6 52. Qa5 Qd6 53. Ra7 Kg8 54. Rd7 Ra6 55. Qd2 Qf8 56. Rf7 Qxf7 57. exf7+ Kxf7 58. b4 Rba8 59. bxc5 Rxa2 60. Qxa2 Rxa2 61. Rxa2 Bxc5 62. Ke2 Kf6 63. Rd2 Ke5 64. Kf3 g5 65. h3 b4 66. g4 f4 67. Rd3 Bd6 68. Rd1 b3 69. Rb1 Kxd5 70. Rxb3 Ke6 71. Rb6 h6 72. Ke4 Ke7 73. Kd5 Ba3 74. Rxh6 f3 75. Re6+ Kf7 76. Re3 Bc1 77. Rxf3+ Kg6 1-0

[Event "Budapest-chT1 Lilienthal 1011"]
[Site "Budapest"]
[Date "2010.11.28"]
[Round "5"]
[White "Ivanyi, Antal"]
[Black "Makay, Andor"]
[Result "1-0"]
[WhiteElo "2015"]
[BlackElo "1874"]
[PlyCount "87"]
[EventDate "2010.09.19"]
[EventType "team-tourn"]
[EventRounds "11"]
[EventCountry "HUN"]
[SourceTitle "EXT 2020"]
[Source "ChessBase"]
[SourceDate "2019.10.17"]
[SourceVersion "1"]
[SourceVersionDate "2019.10.17"]
[SourceQuality "1"]
[WhiteTeam "Hid Unio"]
[BlackTeam "Vizugy II"]
[WhiteTeamCountry "HUN"]
[BlackTeamCountry "HUN"]

1. e4 c5 2. Nc3 e6 3. g3 g6 4. Bg2 Bg7 5. d3 a6 6. Be3 d6 7. Qd2 Nc6 8. f4 Nd4 9. Nd1 h5 10. c3 Nc6 11. Nf3 Nh6 12. h3 Qe7 13. 0-0 Rb8 14. Nf2 b5 15. d4 c4 16. d5 Nd8 17. dxe6 f6 18. Rad1 Nxe6 19. Qxd6 Qxd6 20. Rxd6 Ke7 21. Rd2 Rd8 22. Rfd1 Rxd2 23. Rxd2 Rb7 24. Nh4 Kf7 25. e5 Rd7 26. Ne4 Rxd2 27. Bxd2 Bf8 28. Nxf6 Be7 29. Ne4 Nf5 30. Nxf5 gxf5 31. Nf2 Bc5 32. Kf1 Nc7 33. Nd1 Ke6 34. Bf3 a5 35. Ke2 b4 36. Bxh5 Bb7 37. Be3 Na6 38. Bf3 Bd5 39. Bxc5 Nxc5 40. Bxd5+ Kxd5 41. Ne3+ Ke6 42. cxb4 axb4 43. Nxc4 Kd5 44. Ne3+ 1-0

[Event "HUN-chT2 Erkel 0203"]
[Site "Hungary"]
[Date "2003.04.06"]
[Round "10"]
[White "Ivanyi, Antal"]
[Black "Barta, Zoltan"]
[Result "1/2-1/2"]
[WhiteElo "2120"]
[BlackElo "2105"]
[PlyCount "109"]
[EventDate "2002.09.22"]
[EventType "team"]
[EventRounds "11"]
[EventCountry "HUN"]
[SourceTitle "EXT 2009"]
[Source "ChessBase"]
[SourceDate "2008.11.26"]
[SourceVersion "1"]
[SourceVersionDate "2008.11.26"]
[SourceQuality "1"]

1. e4 c5 2. Nc3 Nc6 3. g3 g6 4. Bg2 Bg7 5. d3 d6 6. Be3 e6 7. f4 Nge7 8. Nf3 b6 9. 0-0 0-0 10. Qd2 Bb7 11. h3 Nd4 12. Nd1 Nxf3+ 13. Bxf3 d5 14. Qe2 Qc7 15. c3 dxe4 16. dxe4 Rad8 17. Nf2 Rd7 18. Rad1 Rfd8 19. Rxd7 Rxd7 20. Rd1 Kf8 21. Kf1 Ke8 22. Ke1 Bc6 23. Rxd7 Qxd7 24. Qd2 Qxd2+ 25. Kxd2 e5 26. fxe5 Bxe5 27. Bf4 Bxf4+ 28. gxf4 f5 29. Ke3 fxe4 30. Bxe4 Kf7 31. Bxc6 Nxc6 32. Ne4 Ke7 33. Ng5 h6 34. Nf3 Ke6 35. Ke4 Ne7 36. Ne5 h5 37. a4 Kf6 38. a5 Ke6 39. axb6 axb6 40. Nc4 Nc8 41. Ne5 Nd6+ 42. Kf3 Kf5 43. Nd7 Nc4 44. b3 Nd2+ 45. Kg3 Nxb3 46. Nxb6 Nd2 47. Nd7 h4+ 48. Kf2 Ne4+ 49. Kf3 Nxc3 50. Nxc5 Nd5 51. Nd3 Nf6 52. Ke3 Ne4 53. Ne1 g5 54. fxg5 Nxg5 55. Ng2 1/2-1/2

[Event "HUN-chT2 9798"]
[Site "Hungary"]
[Date "1997.??.??"]
[Round "?"]
[White "Ivanyi, Antal"]
[Black "Papp, Jozsef"]
[Result "1/2-1/2"]
[WhiteElo "2150"]
[BlackElo "2240"]
[PlyCount "21"]
[EventDate "1997.??.??"]
[EventType "team"]
[EventRounds "11"]
[EventCountry "HUN"]
[SourceTitle "EXT 1999"]
[Source "ChessBase"]
[SourceDate "1998.11.16"]
[SourceVersion "1"]
[SourceVersionDate "1998.11.16"]
[SourceQuality "1"]

1. e4 c5 2. Nf3 e6 3. Nc3 d5 4. exd5 exd5 5. Bb5+ Bd7 6. 0-0 Bxb5 7. Re1+ Be7 8. Nxb5 Nf6 9. d4 a6 10. Nc3 c4 11. Bg5 1/2-1/2

[Event "HUN-chT2"]
[Site "Hungary"]
[Date "1997.??.??"]
[Round "5"]
[White "Szekeres, Sandor"]
[Black "Ivanyi, Antal"]
[Result "1-0"]
[WhiteElo "2225"]
[BlackElo "2150"]
[PlyCount "147"]
[EventDate "1997.??.??"]
[EventType "team-swiss"]
[EventRounds "13"]
[EventCountry "HUN"]
[SourceTitle "EXT 2006"]
[Source "ChessBase"]
[SourceDate "2005.11.24"]
[SourceVersion "1"]
[SourceVersionDate "2005.11.24"]
[SourceQuality "1"]

1. e4 c5 2. Nf3 d6 3. d4 cxd4 4. Nxd4 Nf6 5. Nc3 g6 6. Be3 Bg7 7. Be2 0-0 8. 0-0 Nc6 9. Qd2 Bd7 10. Rad1 Nxd4 11. Bxd4 Bc6 12. f3 Nd7 13. Bxg7 Kxg7 14. Qd4+ Kg8 15. Bc4 Qb6 16. Bb3 Rac8 17. Qf2 Qxf2+ 18. Rxf2 Rfe8 19. Rfd2 Kf8 20. Kf2 Nc5 21. Bd5 Bxd5 22. Rxd5 Nd7 23. f4 f6 24. Kf3 Rc7 25. R5d2 Rec8 26. Rc1 a6 27. Nd5 Rc6 28. c3 Kf7 29. Rcd1 Nb6 30. Nxb6 Rxb6 31. Ke3 Rc7 32. Kd3 Ke6 33. b3 Rbc6 34. c4 f5 35. Ke3 fxe4 36. Kxe4 Rc5 37. Rd5 Rxd5 38. Rxd5 Kf6 39. g4 Rc6 40. Rd3 e6 41. Rh3 Rc7 42. g5+ Kg7 43. Rd3 Rc6 44. Kd4 h5 45. gxh6+ Kxh6 46. Re3 d5 47. cxd5 exd5 48. Kxd5 Rc2 49. Rh3+ Kg7 50. a4 b5 51. axb5 axb5 52. Rg3 Kf6 53. h3 b4 54. Ke4 Rc1 55. Rd3 Rb1 56. Kd4 Rc1 57. Ke3 Rc2 58. Ke4 Rb2 59. Kd5 Kf5 60. Kc4 Kxf4 61. Kxb4 g5 62. Kc4 Ke4 63. Rc3 Ke5 64. Kc5 Ke6 65. Rd3 Ke5 66. b4 Ke4 67. Rc3 Ke5 68. b5 Ke6 69. Kc6 Ke5 70. b6 Kd4 71. Rc1 Ke5 72. b7 Kf4 73. Kc7 Ke3 74. Rc3+ 1-0

[Event "HUN-chT2"]
[Site "Hungary"]
[Date "1996.??.??"]
[Round "?"]
[White "Andor, Laszlo"]
[Black "Ivanyi, Antal"]
[Result "1-0"]
[WhiteElo "2240"]
[BlackElo "2165"]
[PlyCount "35"]
[EventDate "1996.??.??"]
[EventType "team"]
[EventRounds "13"]
[EventCountry "HUN"]
[SourceTitle "EXT 2006"]
[Source "ChessBase"]
[SourceDate "2005.11.24"]
[SourceVersion "1"]
[SourceVersionDate "2005.11.24"]
[SourceQuality "1"]

1. c4 e6 2. Nf3 d5 3. d4 Nf6 4. Nc3 c6 5. e3 Bd6 6. Bd3 0-0 7. 0-0 Nbd7 8. e4 dxc4 9. Bxc4 e5 10. Bg5 h6 11. Bh4 exd4 12. Qxd4 Be7 13. Rae1 Nh7 14. e5 Bxh4 15. Nxh4 Qb6 16. e6 Qxd4 17. exf7+ Kh8 18. Ng6# 1-0

[Event "HUN-chT2 9495"]
[Site "Hungary"]
[Date "1995.??.??"]
[Round "?"]
[White "Medvegy, Zoltan"]
[Black "Ivanyi, Antal"]
[Result "1-0"]
[WhiteElo "2125"]
[BlackElo "2260"]
[PlyCount "93"]
[EventDate "1994.??.??"]
[EventType "team"]
[EventRounds "13"]
[EventCountry "HUN"]
[SourceTitle "EXT 1999"]
[Source "ChessBase"]
[SourceDate "1998.11.16"]
[SourceVersion "1"]
[SourceVersionDate "1998.11.16"]
[SourceQuality "1"]

1. e4 c6 2. d4 d5 3. Nc3 dxe4 4. Nxe4 Nd7 5. Ng5 Ngf6 6. Bc4 e6 7. Qe2 Nb6 8. Bb3 h6 9. N5f3 c5 10. Be3 Qc7 11. Ne5 Bd6 12. dxc5 Bxc5 13. Ngf3 0-0 14. 0-0 Nbd7 15. Bf4 Nh5 16. Bd2 Nxe5 17. Nxe5 Nf6 18. Rad1 Rd8 19. Bf4 Bd6 20. Rxd6 Qxd6 21. Nxf7 Qxf4 22. Nxd8 Qd6 23. Nxe6 Bxe6 24. Qxe6+ Qxe6 25. Bxe6+ Kf8 26. Rd1 Re8 27. Bc4 Rc8 28. Bb3 Ke7 29. f3 Rc7 30. Kf2 b6 31. Rd4 Rc5 32. Rc4 Rxc4 33. Bxc4 Kd6 34. Ke3 Ke5 35. g3 g5 36. c3 Ne8 37. h3 Nd6 38. Bd3 Nb7 39. b4 Nd8 40. f4+ gxf4+ 41. gxf4+ Kf6 42. Bc4 Nc6 43. Bd5 Ne7 44. c4 Kf5 45. Be4+ Ke6 46. Kd4 Ng8 47. Bd5+ 1-0

[Event "HUN-chT2 9394"]
[Site "Hungary"]
[Date "1994.??.??"]
[Round "?"]
[White "Rusz, Gabor"]
[Black "Ivanyi, Antal"]
[Result "1-0"]
[WhiteElo "2250"]
[BlackElo "2275"]
[PlyCount "67"]
[EventDate "1993.??.??"]
[EventType "team"]
[EventRounds "13"]
[EventCountry "HUN"]
[SourceTitle "TD"]
[Source "ChessBase"]
[SourceDate "1994.03.01"]
[SourceVersion "1"]
[SourceVersionDate "1994.03.01"]
[SourceQuality "1"]

1. d4 d5 2. Nf3 Nf6 3. Bf4 Bf5 4. e3 e6 5. Be2 c5 6. 0-0 Nc6 7. c3 Be7 8. Qb3 Qc8 9. Nbd2 0-0 10. Ne5 Nxe5 11. Bxe5 c4 12. Qd1 b5 13. f3 Qc6 14. g4 Bg6 15. Qe1 Nd7 16. Bg3 f5 17. f4 fxg4 18. Bxg4 Nf6 19. Bh3 Bd3 20. Nf3 Bxf1 21. Ne5 Qc8 22. Qxf1 Bd6 23. Nf3 Ne4 24. Bg4 Rf6 25. Bh4 Rg6 26. Ng5 h6 27. f5 Rxg5 28. Bxg5 Nxg5 29. fxe6 Qc7 30. Qg2 Rf8 31. Qxd5 Bxh2+ 32. Kh1 Qd6 33. Qxb5 Re8 34. Qxe8+ 1-0